| 000 | 00746nam a2200205 4500 | ||
|---|---|---|---|
| 005 | 20240530110548.0 | ||
| 008 | 160611s2013 ua a|||g b||| 00| 0 ara d | ||
| 017 |
_a2012/20019 _bمصر . دار الكتب المصرية |
||
| 020 | _a9789771028284 | ||
| 040 | _aEG-CaGPL | ||
| 082 | 0 | 4 |
_a371.3/ _bم ط _221 |
| 100 | 0 | _aمحمد نجيب مصطفى عطيو | |
| 245 | 1 | 0 |
_aطرق تدريس العلوم بين النظرية والتطبيق / _cمحمد نجيب مصطفى عطيو |
| 250 | _aط. 1 | ||
| 260 |
_aالقاهرة : _bدار الفكر العربي، _c2013. |
||
| 300 |
_a420 ص. : _bايض ؛ _c25 سم. |
||
| 504 | _aببليوجرافية : ص. 409-420 | ||
| 650 | 0 | 4 |
_aالعلوم _xطرق تدريس |
| 942 |
_2ddc _cBK |
||
| 999 |
_c62391 _d62391 |
||